000 00721nam a2200289Ia 4500
005 20260324145423.0
008 008 260324s9999 xx 000 0 eng d
020 _a9781003356165
037 _aEBOOK
040 _aCRL
040 _beng
040 _cCRL
041 _2eng
041 _aeng
084 _qCRL
100 _aPhilip S. Bagwell
_91222906
245 4 _aThe Railwaymen
245 0 _bVolume 2: The Beeching Era and After The History of the National Union of Railwaymen
260 _bTaylor and Francis
260 _c1982
365 _a
365 _b140
856 _uhttp://www.taylorfrancis.com/books/9781003356165
942 _cEBOOK
999 _c1830784
_d1830784